| 000 | 00804nam a22002777a 4500 | ||
|---|---|---|---|
| 001 | 00495 | ||
| 003 | DO-SdBNP | ||
| 005 | 20171113112011.0 | ||
| 007 | 000495 | ||
| 008 | 160914b 2008 ag ||||| |||| 00| 0 spa d | ||
| 020 | _a9505119135 | ||
| 020 | _a9789505119134 | ||
| 040 |
_aBPMSU _bspa _cBPMSU |
||
| 082 | 4 |
_a658.4092 _bR669d |
|
| 100 | 1 | _aRoca, Francisco | |
| 245 | 1 | 0 |
_aDe jefe a líder : _bla metamorfosis / _cFrancisco Roca. |
| 260 |
_aBuenos Aires, Argentina : _b Aguilar, _c2008. |
||
| 300 |
_a203 p. _c22 cm. |
||
| 500 | _aSegunda reimpresión: mayo de 2008 | ||
| 650 | 4 | _aLIDERAZGO | |
| 650 | 4 | _aAPTITUDES | |
| 910 | _aValidado. Control de calidad MFF | ||
| 942 |
_2ddc _cBK |
||
| 945 | _aInventariado extrajenro / 2017 VM | ||
| 956 |
_2LOPEREZ _310 _620160914 _8BPMSU _a00041 |
||
| 999 |
_c11370 _d11370 |
||